Statistics for Guess the kpop songs on my playlist

Click here to take the quiz!

General Stats

  • This quiz has been taken 124 times
  • The average score is 11 of 19

Answer Stats

HintAnswer% Correct
After LikeIve
93%
NxdeGidle
92%
AntifragileLeSserafim
89%
La Vie en RoseIz*One
86%
DiceNMIXX
86%
Cry For MeTwice
85%
Feel My RythmRed Velvet
84%
IllusionAespa
82%
CelebrityIU
77%
Adore USeventeen
73%
MascaraXG
66%
LimboNature
56%
DMFromis_9
49%
Glass BeadGfriend
44%
UpKepler
39%
GirlsNature
22%
PurpleWoo!ah
13%
wishDreamNote
3%
PsychoWE;NA
0%

Score Distribution

Percentile by Number Answered

Percent of People with Each Score

Your Score History

You have not taken this quiz